00518nam a2200193 a 4500001001300000003000900013005001700022008004100039020001000080082001500090100001900105245006500124260003600189300000800225500003500233505001100268650002600279700001900305nice12345678IN_TiNIC20260116012158.0050524s1908 laha grp 000 0 urd  ac10000a232.1bHOW aHowell, Thomas aKhuda Ka Tajassum-O-Khudawand Almasih Ki Uluhiyyat Ke Saboot aLahorebNool Kishor Pressc1908 a40p aincludes index and biblioraphy2 aThesis aJesus Christ-Divinity1 aHowell, Thomas